=LDR 00000nam 2200000 4500 =001 INLIS000000000035926 =005 20130612141738 =008 ***********************************Ind** =035 ##$$0010-061300000035926 =041 ##$$a Ind =082 ##$$a 910 =090 ##$$a 910, Geo =100 ##$$a Sudjono, Suwartono =245 ##$$a Pelajaran Geografi 1, untuk kelas 1 smu =260 ##$$a 1994 $b Jakarta =300 ##$$a 188 hlm, ilus, 25 cm =850 ##$$a NBPNMAT =990 ##$$a 0001/BPAP-NTB/2015 =990 ##$$a 0001/BPAP-NTB/2015 =990 ##$$a 0001/BPAP-NTB/2015